Normal view
MARC view
Entry Topical Term
001 - CONTROL NUMBER
- control field: 51858
003 - CONTROL NUMBER IDENTIFIER
- control field: OSt
005 - DATE AND TIME OF LATEST TRANSACTION
- control field: 20250328111724.0
008 - FIXED-LENGTH DATA ELEMENTS
- fixed length control field: 250328|| aca||aabn | a|a d
040 ## - CATALOGING SOURCE
- Original cataloging agency: OSt
- Transcribing agency: OSt
150 ## - HEADING--TOPICAL TERM
- Topical term or geographic name entry element: Sacred Groves, India, Cultural Heritage, Ecological Significance, Biodiversity, Religious Buildings, Environmental Conservation, Water Conservation, Soil Fertility, Traditions, Folklore, Urbanization, Deforestation.
670 ## - SOURCE DATA FOUND
- Source citation: Work cat.: (OSt)525914: Mudadla, Sankararad 51857, Sacred groves.
